Registro de beneficiadores
Listado de las empresas beneficiadoras de café activas e inscritas en el régimen de beneficiadores hasta el 29 de setiembre de 1976 y que rige para la cosecha 1976-1977. SM/mb
Bewaard in:
| Coauteur: | |
|---|---|
| Formaat: | Texto |
| Gepubliceerd in: |
San José:
La Oficina
|
| Onderwerpen: | |
| Tags: |
Voeg label toe
Geen labels, Wees de eerste die dit record labelt!
|
MARC
| LEADER | 00000 a a2200000 04500 | ||
|---|---|---|---|
| 001 | 13391 | ||
| 003 | |||
| 040 | |||
| 090 | |a 026800 | ||
| 110 | |a Costa Rica. Oficina del Café | ||
| 245 | |a Registro de beneficiadores | ||
| 260 | |a San José: |b La Oficina | ||
| 300 | |a 31 p. | ||
| 520 | |a Listado de las empresas beneficiadoras de café activas e inscritas en el régimen de beneficiadores hasta el 29 de setiembre de 1976 y que rige para la cosecha 1976-1977. SM/mb | ||
| 650 | |a CAFE | ||
| 650 | |a AGROINDUSTRIA | ||
| 650 | |a BENEFICIOS DE CAFE | ||
| 999 | |c 14266 |d 14266 | ||
